000 00298nam a22001337a 4500
008 170920b xxu||||| |||| 00| 0 eng d
020 _a0195199413
041 _aeng
080 _a7
100 _a45
101 _aART
245 _aA CONCISE HISTORY OF MODERN SCULPTURE
_cREAD,H
942 _2udc
_cBK
999 _c28456
_d28456